[Event "GER-ch U12 Girls"]
[Site "Willingen"]
[Date "2023.05.29"]
[Round "3"]
[White "Margaryan, Mari"]
[Black "Rutschmann, Polly"]
[Result "0-1"]
[WhiteElo "949"]
[BlackElo "1023"]
[PlyCount "184"]
[EventDate "2023.05.27"]
[EventType "swiss"]
[EventRounds "9"]
[EventCountry "GER"]
[SourceTitle "CBM 214 Extra"]
[Source "ChessBase"]
[SourceDate "2023.07.31"]
[SourceVersion "1"]
[SourceVersionDate "2023.07.31"]
[SourceQuality "1"]

1. d4 d5 2. c4 e6 3. Nc3 c6 4. cxd5 cxd5 5. Nf3 Nf6 6. Bg5 Be7 7. e3 0-0 8. Bd3 Nbd7 9. Qc2 a6 10. 0-0 b5 11. Rfb1 Bb7 12. a4 b4 13. Na2 Qb6 14. Qb3 a5 15. Bb5 Bc6 16. Bxc6 Qxc6 17. Rc1 Qb6 18. Ne5 Rfe8 19. Bxf6 Nxf6 20. Rc6 Qb7 21. Rac1 Rac8 22. Qc2 Rxc6 23. Qxc6 Qxc6 24. Nxc6 Kf8 25. Nxa5 Ra8 26. Nc6 Rxa4 27. Nxe7 Kxe7 28. Nxb4 Rxb4 29. Rc7+ Nd7 30. g3 Rxb2 31. Rc6 Kf6 32. Rc7 Nb6 33. Rb7 Nc4 34. Rc7 Rb1+ 35. Kg2 Rb2 36. Kg1 Kg6 37. Kg2 Nxe3+ 38. Kf3 Nc4 39. h4 e5 40. dxe5 Nxe5+ 41. Ke3 Rb4 42. Re7 d4+ 43. Ke4 d3+ 44. Kxe5 d2 45. Rd7 Rb2 46. Rd6+ Kh5 47. Kf4 d1Q 48. Rxd1 Rxf2+ 49. Ke3 Rg2 50. Kf3 Ra2 51. Rd5+ Kg6 52. g4 Ra3+ 53. Ke2 Kf6 54. Rf5+ Ke6 55. Rf4 Ra5 56. Ke3 Re5+ 57. Kf3 g5 58. hxg5 Rxg5 59. Re4+ Kf6 60. Rf4+ Kg6 61. Kg3 h5 62. Kh4 hxg4 63. Rxg4 Rxg4+ 64. Kxg4 f5+ 65. Kf4 Kf6 66. Ke3 Ke5 67. Kf3 f4 68. Kf2 Ke4 69. Kg2 Ke3 70. Kf1 Kf3 71. Ke1 Kg2 72. Kd2 f3 73. Kd3 f2 74. Kd4 f1Q 75. Ke5 Kg3 76. Ke6 Kg4 77. Ke7 Kg5 78. Ke8 Kg6 79. Ke7 Qf2 80. Ke8 Kg7 81. Ke7 Qe2+ 82. Kd6 Kf6 83. Kd5 Qe3 84. Kd6 Qd3+ 85. Kc7 Ke6 86. Kc8 Ke7 87. Kc7 Qc3+ 88. Kb8 Kd7 89. Kb7 Qb3+ 90. Ka6 Kc7 91. Ka5 Kc6 92. Ka6 Qb6# 0-1

[Event "GER-ch U10 Girls"]
[Site "Willingen"]
[Date "2022.06.10"]
[Round "9"]
[White "Beimler, Annemarie"]
[Black "Rutschmann, Polly"]
[Result "1-0"]
[WhiteElo "954"]
[BlackElo "903"]
[PlyCount "63"]
[EventDate "2022.06.04"]
[EventType "swiss"]
[EventRounds "11"]
[EventCountry "GER"]
[SourceTitle "CBM 208 Extra"]
[Source "ChessBase"]
[SourceDate "2022.07.31"]
[SourceVersion "1"]
[SourceVersionDate "2022.07.31"]
[SourceQuality "1"]

1. e4 e5 2. Bc4 Bc5 3. Nc3 Nf6 4. Nf3 d6 5. d3 h6 6. Be3 Bxe3 7. fxe3 Nc6 8. d4 Bg4 9. d5 Nb4 10. a3 Na6 11. 0-0 Nc5 12. Bd3 Qd7 13. b4 Nxd3 14. Qxd3 0-0-0 15. a4 Bxf3 16. Rxf3 g5 17. Rxf6 h5 18. a5 h4 19. a6 b6 20. Nb5 Kb8 21. c4 h3 22. c5 hxg2 23. Kxg2 Qh3+ 24. Kf2 Qxh2+ 25. Ke1 Qh1+ 26. Rf1 Qh4+ 27. Kd2 g4 28. Rxf7 Qh2+ 29. Qe2 g3 30. Rxc7 g2 31. Rb7+ Kc8 32. Nxa7# 1-0

[Event "GER-ch U10 Girls"]
[Site "Willingen"]
[Date "2022.06.05"]
[Round "2"]
[White "Noennig, Lotte"]
[Black "Rutschmann, Polly"]
[Result "1-0"]
[WhiteElo "1049"]
[BlackElo "903"]
[PlyCount "89"]
[EventDate "2022.06.04"]
[EventType "swiss"]
[EventRounds "11"]
[EventCountry "GER"]
[SourceTitle "CBM 208 Extra"]
[Source "ChessBase"]
[SourceDate "2022.07.31"]
[SourceVersion "1"]
[SourceVersionDate "2022.07.31"]
[SourceQuality "1"]

1. e4 e5 2. Nf3 Nc6 3. Bc4 Bc5 4. c3 d6 5. d4 Bg4 6. dxc5 dxc5 7. Qxd8+ Rxd8 8. Nbd2 Nf6 9. 0-0 0-0 10. b3 Bxf3 11. Nxf3 Rd7 12. Ba3 b6 13. Bb5 Rd6 14. Bxc6 Rxc6 15. Rad1 Rd6 16. Rxd6 cxd6 17. b4 cxb4 18. Bxb4 Rd8 19. Rd1 d5 20. exd5 Nxd5 21. Nxe5 f6 22. Nf3 a5 23. Ba3 Kf7 24. c4 Ke6 25. cxd5+ Rxd5 26. Rxd5 Kxd5 27. Nh4 b5 28. Nf5 g6 29. Ne3+ Kc6 30. g4 b4 31. Bb2 a4 32. Bxf6 b3 33. axb3 axb3 34. f4 Kd6 35. f5 gxf5 36. gxf5 Kd7 37. Bb2 Ke8 38. f6 Kf8 39. Kf2 Kf7 40. Kf3 Kg6 41. Kg4 h5+ 42. Kf4 Kh6 43. f7 Kg6 44. f8Q Kh7 45. Qg7# 1-0